000 00570nam a22001817a 4500
999 _c190525
_d190525
005 20220727122547.0
010 _aENG-134055
020 _a9788128831362
_c150.00
035 _aEN-117587
037 _bDBAD/PUB
082 _a200
100 _aBharati,Pramod
245 _aThe Paradise never lost/
_cPramod Bharati
260 _aNew Delhi
_bDiamond pocket books ltd.
_c2010
270 _aX-30,Okhla industrial area,phase-II
_bNew delhi
_msales@dpb.in
_e110020
_k011-40712100
_l011-41611866
300 _a352p.
_c21cm(pbk)
942 _2ddc
_cEN
_h200
_mBHA